| 000 | 00379nmm a2200133 a 4500 | ||
|---|---|---|---|
| 003 | AR-BaBNM | ||
| 005 | 20251128204248.0 | ||
| 008 | 011101s1910 ||||||||||||||000 | spa|| | ||
| 040 | _cAR-BaBNM | ||
| 100 | 1 | _aMerino, S.Luis | |
| 245 | 1 | 0 | _aEstudio histórico militar acerca de las campañas de la Independencia de Chile en 1818 |
| 260 |
_a[S.l.] _bUniversitaria _c1910 |
||
| 942 | _cBK | ||
| 999 |
_c6764 _d6764 |
||